00568nam a2200193 a 4500008004100000020002200041100001800063245006200081260005200143300003300195504004100228500002000269650001700289650001400306700002700320003000100347005001700348040000900365  a0521468272 (pbk.)1 aBarrett, G.C.10aAmino acids and peptides /cG.C. Barrett and D.T. Elmore. aCambridge :bCambridge University Press,c1998. axv, 224 p. :bill. ;c25 cm. aIncludes bibliographical references. aIncludes index. 0aAmino acids. 0aPeptides.1 aElmore, Donald Trevor.20230123133659.0 cNUST